[Event "79th ch-ESP 2014"]
[Site "Linares ESP"]
[Date "2014.08.28"]
[Round "4.20"]
[White "Perez Garcia, Alejandro"]
[Black "Sanchez Aller, Fernando"]
[Result "0-1"]
[BlackTitle "FM"]
[WhiteElo "2093"]
[BlackElo "2352"]
[WhiteFideId "32041543"]
[BlackFideId "2222892"]
[EventDate "2014.08.25"]

1. d4 Nf6 2. Bg5 c5 3. Bxf6 gxf6 4. d5 Qb6 5. Qc1 f5 6. g3 Bh6 7. e3 d6 8. Nd2
Nd7 9. c3 Qc7 10. Qc2 Nf6 11. Bg2 Bd7 12. a4 O-O-O 13. a5 Rdg8 14. Ne2 e6 15. a6
b6 16. Qd3 Nxd5 17. Bxd5 exd5 18. Nf4 Bxf4 19. gxf4 Qc6 20. Ke2 Kd8 21. b3 Rg6
22. Rad1 Re8 23. Nf3 Be6 24. Nh4 Rg4 25. Nf3 d4 26. cxd4 c4 27. Qc3 Bd5 28. Ne5
dxe5 29. dxe5 Kc8 30. Rxd5 Qxd5 31. Rd1 Qb5 32. bxc4 Qxa6 33. Qd3 Rgg8 34. Qxf5+
Kb8 35. Qxf7 Rd8 36. Rd6 Qb7 37. Qe6 Rge8 38. Rxd8+ Rxd8 39. f3 Qc8 40. Qxc8+
Kxc8 41. e6 Kc7 42. f5 Kd6 43. f4 Ke7 44. e4 a5 45. e5 a4 0-1

[Event "79th ch-ESP 2014"]
[Site "Linares ESP"]
[Date "2014.08.28"]
[Round "4.21"]
[White "Aranaz Murillo, Amalia"]
[Black "Pozanco Romasanta, Marc"]
[Result "1-0"]
[WhiteTitle "WIM"]
[WhiteElo "2314"]
[BlackElo "2061"]
[WhiteFideId "22200371"]
[BlackFideId "2255138"]
[EventDate "2014.08.25"]

1. c4 e5 2. g3 Nf6 3. Bg2 d5 4. cxd5 Nxd5 5. Nc3 Nb6 6. Nf3 Nc6 7. O-O Be7 8. a3
Be6 9. d3 O-O 10. Be3 f6 11. Rc1 Nd4 12. b4 Qd7 13. Ne4 Bb3 14. Qd2 Rfd8 15.
Bxd4 exd4 16. Nc5 Bxc5 17. bxc5 Nc8 18. Qb4 Bf7 19. Qxb7 Ne7 20. Rb1 Bd5 21. Qb4
Nc6 22. Qa4 Qe7 23. Nh4 Qe6 24. Rb7 Rac8 25. Re1 g5 26. Nf3 Qf5 27. Nd2 Bxg2 28.
Kxg2 Qd5+ 29. Kg1 Kg7 30. Ne4 Kg6 31. Qb3 f5 32. Nd2 Qxc5 33. Qe6+ Kg7 34. Nf3
Re8 35. Nxg5 Qe7 36. Qxf5 1-0

[Event "79th ch-ESP 2014"]
[Site "Linares ESP"]
[Date "2014.08.28"]
[Round "4.22"]
[White "Collado Barbas, Laura"]
[Black "Gavilan Diaz, Mario"]
[Result "1/2-1/2"]
[WhiteTitle "WFM"]
[BlackTitle "FM"]
[WhiteElo "2117"]
[BlackElo "2291"]
[WhiteFideId "2294907"]
[BlackFideId "2260905"]
[EventDate "2014.08.25"]

1. d4 d5 2. c4 e6 3. Nc3 Be7 4. Bf4 Nf6 5. Nf3 O-O 6. e3 c5 7. cxd5 Nxd5 8. Nxd5
exd5 9. dxc5 Bxc5 10. a3 Nc6 11. b4 Be7 12. Qd2 Bf5 13. Bb5 Be4 14. Bxc6 bxc6
15. Nd4 Qd7 16. f3 Bg6 17. Rc1 Rfc8 18. Nb3 Qb7 19. O-O Qa6 20. Nc5 Bxc5 21.
Rxc5 Qxa3 22. Rfc1 Qd3 23. Qxd3 Bxd3 24. Rxc6 Bc4 25. Rc5 f6 26. e4 Rxc5 27.
bxc5 Rc8 28. Kf2 a5 29. Ke3 Bb3 30. c6 a4 31. Bd6 Kf7 32. Kd4 dxe4 33. fxe4 Ke6
34. Bb4 a3 35. Bxa3 Ba4 36. c7 1/2-1/2

[Event "79th ch-ESP 2014"]
[Site "Linares ESP"]
[Date "2014.08.28"]
[Round "4.23"]
[White "Camacho Calle, Pedro"]
[Black "Escudero Manzano, Alejandro"]
[Result "0-1"]
[WhiteElo "2086"]
[BlackElo "2283"]
[WhiteFideId "2206803"]
[BlackFideId "2238004"]
[EventDate "2014.08.25"]

1. Nf3 Nf6 2. c4 g6 3. Nc3 Bg7 4. g3 c5 5. Bg2 O-O 6. O-O Nc6 7. d3 d5 8. cxd5
Nxd5 9. Bd2 Nxc3 10. bxc3 e5 11. Rb1 Qc7 12. Qa4 Ne7 13. c4 Bd7 14. Qb3 Bc6 15.
Nh4 Rab8 16. Qa3 b6 17. Qc1 Bxg2 18. Nxg2 Qc6 19. Bh6 Bxh6 20. Qxh6 Nf5 21. Qd2
e4 22. dxe4 Qxe4 23. Qd3 Rfe8 24. Nf4 Rbd8 25. Qc3 Nd4 26. Rb2 Rd6 27. f3 Qe3+
28. Qxe3 Rxe3 29. Rc1 g5 30. Nd5 Rxe2 31. Rcb1 Nxf3+ 32. Kf1 0-1

[Event "79th ch-ESP 2014"]
[Site "Linares ESP"]
[Date "2014.08.28"]
[Round "4.24"]
[White "Trigo Urquijo, Sergio"]
[Black "Prado Acebo, Ines"]
[Result "1-0"]
[WhiteElo "2274"]
[BlackElo "1992"]
[WhiteFideId "2262436"]
[BlackFideId "22251235"]
[EventDate "2014.08.25"]

1. d4 d5 2. c4 e6 3. Nc3 Be7 4. cxd5 exd5 5. Bf4 c6 6. Qc2 Nf6 7. e3 O-O 8. Bd3
Re8 9. Nf3 Nbd7 10. O-O Nf8 11. h3 Bd6 12. Bxd6 Qxd6 13. Rab1 a5 14. Rfc1 Ne6
15. a3 h6 16. Ne5 c5 17. Nb5 Qb8 18. f4 c4 19. Bf5 Bd7 20. Nc3 Qd6 21. a4 Rec8
22. g4 Be8 23. Qg2 Rd8 24. Rf1 Nc7 25. g5 Nh7 26. Rf3 Nf8 27. Rg3 hxg5 28. Rxg5
g6 29. Rg3 Qf6 30. Bc2 Ra6 31. f5 Qg7 32. Rf1 Qh6 33. Rf4 Kh8 34. Rgg4 Kg8 35.
h4 Rdd6 36. h5 Rab6 37. Bb1 Qg7 38. Kf1 Qh6 39. hxg6 fxg6 40. fxg6 Nfe6 41. Rf3
Qg7 42. Qh2 Nd8 43. Qh7+ 1-0

[Event "79th ch-ESP 2014"]
[Site "Linares ESP"]
[Date "2014.08.28"]
[Round "4.25"]
[White "Plazuelo Pascual, Juan"]
[Black "Sanchez Barbado, Carlos"]
[Result "0-1"]
[WhiteElo "2081"]
[BlackElo "2249"]
[WhiteFideId "32059566"]
[BlackFideId "2273012"]
[EventDate "2014.08.25"]

1. d4 f5 2. Nc3 d5 3. Bf4 c6 4. e3 Nf6 5. Nf3 e6 6. Bd3 Be7 7. h3 Ne4 8. O-O Nd7
9. Ne2 O-O 10. c4 Bf6 11. Qc2 Qe7 12. Rab1 a5 13. Nd2 Kh8 14. Bh2 Nxd2 15. Qxd2
dxc4 16. Bxc4 e5 17. Rfe1 Nb6 18. Bd3 e4 19. Bc2 Nc4 20. Qc1 Be6 21. Nf4 Bf7 22.
Bb3 Qb4 23. Bxc4 Bxc4 24. b3 Bf7 25. Ne2 Rfc8 26. a3 Qf8 27. Qc5 Qxc5 28. dxc5
Be7 29. Rec1 Rd8 30. Nd4 Rd5 31. b4 axb4 32. axb4 Bf6 33. Bd6 Bxd4 34. exd4 Rxd4
35. b5 Bd5 36. bxc6 Bxc6 37. Ra1 Rxa1 38. Rxa1 Kg8 39. g3 Rc4 40. Kf1 Rc2 41.
Ra5 Bd5 42. Bf4 Kf7 43. Be3 h6 44. Ra8 Rb2 45. Rd8 Rb1+ 46. Kg2 Bc6 47. g4 f4
48. Bxf4 e3+ 0-1

[Event "79th ch-ESP 2014"]
[Site "Linares ESP"]
[Date "2014.08.28"]
[Round "4.26"]
[White "Navarrete Espi, Samuel"]
[Black "Riera Morilla, Elizabeth"]
[Result "1-0"]
[WhiteElo "2245"]
[BlackElo "1976"]
[WhiteFideId "2237725"]
[BlackFideId "2281813"]
[EventDate "2014.08.25"]

1. e4 c5 2. Nf3 Nc6 3. d4 cxd4 4. Nxd4 g6 5. c4 Bg7 6. Be3 Nf6 7. Nc3 d6 8. f3
Nxd4 9. Qxd4 O-O 10. Qd2 Be6 11. Bd3 Rc8 12. Nd5 Nd7 13. Rc1 b5 14. O-O Ne5 15.
cxb5 Bxd5 16. exd5 Rxc1 17. Rxc1 Nxd3 18. Qxd3 Qa5 19. Qb3 Rb8 20. a4 h5 21. Qa3
Ra8 22. b4 Qd8 23. Qb3 Rc8 24. Rc6 Kh7 25. Bxa7 e6 26. dxe6 Rxc6 27. bxc6 Qa8
28. Qe3 Qxc6 29. e7 Qe8 30. b5 d5 31. b6 d4 32. Qe1 Bh6 33. b7 Bf4 34. Bxd4 1-0

[Event "79th ch-ESP 2014"]
[Site "Linares ESP"]
[Date "2014.08.28"]
[Round "4.27"]
[White "Arroyo Rodriguez, Jesus"]
[Black "Sanchez Jerez, Emilio Miguel"]
[Result "0-1"]
[BlackTitle "FM"]
[WhiteElo "2064"]
[BlackElo "2232"]
[WhiteFideId "2277760"]
[BlackFideId "2256088"]
[EventDate "2014.08.25"]

1. d4 Nf6 2. Nf3 g6 3. Nbd2 d5 4. e3 Bg7 5. Bd3 b6 6. Qe2 c5 7. c3 O-O 8. O-O
Nc6 9. Ne5 Nxe5 10. dxe5 Ng4 11. f4 Nh6 12. h3 Bf5 13. e4 dxe4 14. Nxe4 Qd5 15.
g4 Rad8 16. Bc2 Bc8 17. Rd1 Qc6 18. Be3 Bb7 19. Rxd8 Rxd8 20. Rd1 Rxd1+ 21. Qxd1
Bf8 22. Qd8 Nf5 23. Bf2 Ng7 24. Qd2 f5 25. exf6 exf6 26. c4 f5 27. Qd5+ Qxd5 28.
Nf6+ Kf7 29. Nxd5 Bd6 30. Be3 h5 31. Bd1 hxg4 32. hxg4 Ne6 33. gxf5 gxf5 34. Bc2
Kg6 35. Kf2 Bxd5 36. cxd5 Nc7 37. Bb3 b5 38. a4 a6 39. axb5 axb5 40. Kf3 c4 41.
Bc2 Nxd5 42. Bb1 Kf6 43. Bd2 Ke6 44. Bc2 Bb4 45. Bc1 Bc5 46. b3 Nb4 47. Bd1 c3
48. Ba3 Nd3 49. Bc1 Bf8 0-1

[Event "79th ch-ESP 2014"]
[Site "Linares ESP"]
[Date "2014.08.28"]
[Round "4.28"]
[White "Torres Ventosa, Pedro Eugenio"]
[Black "Boutahar Belgasi, Tarik"]
[Result "1-0"]
[WhiteTitle "FM"]
[WhiteElo "2334"]
[BlackElo "1957"]
[WhiteFideId "2280663"]
[BlackFideId "22266909"]
[EventDate "2014.08.25"]

1. e4 c5 2. Nf3 d6 3. c3 Nf6 4. h3 Nc6 5. Bd3 e5 6. Bc2 Be7 7. O-O O-O 8. Re1
Re8 9. d3 h6 10. Nbd2 Bf8 11. Nf1 d5 12. Qe2 d4 13. Ng3 g6 14. Nh2 Bg7 15. Rf1
Be6 16. c4 Nd7 17. Ng4 Kh7 18. Qd2 Qh4 19. Nh2 Rac8 20. Bd1 Rc7 21. Bg4 Bxg4 22.
hxg4 Nf8 23. Ne2 Ne6 24. g3 Qe7 25. f4 g5 26. fxg5 hxg5 27. Kg2 f6 28. Ng1 Rh8
29. Qf2 Qf7 30. Nh3 Qg6 31. a3 Kg8 32. Rh1 Bf8 33. Bd2 a5 34. Raf1 Kg7 35. Nf3
Be7 36. Rh2 Rcc8 37. Rfh1 b6 38. Kg1 Rh7 39. Nf4 Rxh2 40. Nxe6+ Kf7 41. Nfxg5+
Ke8 42. Qxh2 fxg5 43. Qh5 Kf7 44. Nxg5+ Bxg5 45. Bxg5 Rg8 46. Bh4 Ke6 47. Qf5+
Kd6 48. g5 Nd8 49. Qf6+ Ne6 50. Kg2 Qh5 51. Qf3 Qg6 52. Rf1 Rf8 53. Qxf8+ Nxf8
54. Rf6+ Ke7 55. Rxg6 Nxg6 56. a4 Kf7 57. Kf3 Nf8 58. g6+ Kxg6 59. Bd8 Nd7 60.
Kg4 1-0

[Event "79th ch-ESP 2014"]
[Site "Linares ESP"]
[Date "2014.08.28"]
[Round "4.29"]
[White "Garcia Romero, Benjamin Abel"]
[Black "Sanchez Saez, Francisco"]
[Result "0-1"]
[BlackTitle "FM"]
[WhiteElo "2182"]
[BlackElo "2319"]
[WhiteFideId "2221926"]
[BlackFideId "2231743"]
[EventDate "2014.08.25"]

1. e4 g6 2. d4 Bg7 3. Ne2 d6 4. c4 Nf6 5. Nbc3 O-O 6. f3 Nc6 7. Bg5 a6 8. Qd2
Rb8 9. d5 Ne5 10. Ng3 c6 11. Rc1 b5 12. cxb5 cxd5 13. exd5 axb5 14. Bxb5 Qa5 15.
a4 Ba6 16. b4 Qb6 17. Be3 Qb7 18. O-O Bxb5 19. Nxb5 Qxd5 20. Bd4 Qb3 21. Ra1
Rfc8 22. Ra3 Nc4 23. Qc3 Qxc3 24. Rxc3 Nd5 25. Bxg7 Kxg7 26. Rcc1 Nb2 27. Rxc8
Rxc8 28. a5 Nxb4 29. Rb1 N2d3 30. Ne2 Rc2 31. Nbc3 Na2 32. Nd5 Rxe2 33. a6 Nac1
34. h4 Ra2 35. Nc7 Ne2+ 36. Kh2 Nef4 37. Rg1 Nc5 0-1

[Event "79th ch-ESP 2014"]
[Site "Linares ESP"]
[Date "2014.08.28"]
[Round "4.30"]
[White "Leon Acosta, Miguel"]
[Black "Santos Ruiz, Miguel"]
[Result "0-1"]
[BlackTitle "FM"]
[WhiteElo "2047"]
[BlackElo "2306"]
[WhiteFideId "2245370"]
[BlackFideId "22291482"]
[EventDate "2014.08.25"]

1. b4 e5 2. Bb2 Bxb4 3. Bxe5 Nf6 4. a3 Ba5 5. Nf3 d5 6. g3 O-O 7. Bg2 c5 8. O-O
Nc6 9. Bb2 Re8 10. d3 Qe7 11. e3 h6 12. Nbd2 Bc7 13. Re1 Be6 14. Rb1 b6 15. Nh4
Be5 16. Bxe5 Nxe5 17. f4 Nc6 18. e4 dxe4 19. Nxe4 Nxe4 20. Bxe4 Qd6 21. Qf3 Rac8
22. c3 Bd7 23. Re2 Na5 24. Rbe1 Qf6 25. Bd5 Rxe2 26. Rxe2 Bc6 27. Re5 Bxd5 28.
Qxd5 Qd8 29. Kf2 Nc6 30. Qxd8+ Rxd8 31. Re3 Kf8 32. Nf3 Ne7 33. d4 Nd5 34. Re1
Nxc3 35. dxc5 bxc5 36. Rc1 Rd3 37. Ne5 Ne4+ 38. Ke2 Rxa3 39. Rc4 Ra4 40. Rxa4
Nc3+ 41. Kd3 Nxa4 42. Kc4 Ke7 43. Nc6+ Kd6 44. Nxa7 Nb2+ 45. Kc3 Nd1+ 46. Kd2
Nf2 47. Nc8+ Kd5 48. Ne7+ Ke4 49. Ke2 Ng4 50. h3 Ne3 51. Nc8 Nf5 52. Kf2 c4 53.
g4 c3 54. Ke1 Kd3 55. Kd1 Nd4 0-1

[Event "79th ch-ESP 2014"]
[Site "Linares ESP"]
[Date "2014.08.28"]
[Round "4.31"]
[White "Suarez Uriel, Adrian"]
[Black "Barrenechea Bahamonde, Gustavo"]
[Result "0-1"]
[WhiteElo "2292"]
[BlackElo "2124"]
[WhiteFideId "22230874"]
[BlackFideId "2254425"]
[EventDate "2014.08.25"]

1. e4 Nf6 2. e5 Nd5 3. d4 d6 4. c4 Nb6 5. exd6 cxd6 6. Nc3 g6 7. Be3 Bg7 8. Rc1
O-O 9. b3 Bf5 10. Be2 d5 11. c5 Nc8 12. Bf3 e5 13. g4 Nc6 14. dxe5 Be6 15. Nge2
Nxe5 16. Nd4 Nxf3+ 17. Qxf3 Ne7 18. O-O Nc6 19. Ncb5 Ne5 20. Qg3 Qd7 21. h3 a6
22. Nc3 f5 23. f4 Nc6 24. Rfd1 fxg4 25. Na4 Nxd4 26. Bxd4 Bxd4+ 27. Rxd4 Qg7 28.
Rcd1 gxh3 29. Nb6 Rad8 30. Nxd5 Bxd5 31. Rxd5 Rxd5 32. Rxd5 Qa1+ 33. Kh2 Re8 34.
Rd2 Qc1 35. Qf2 Qc3 36. Rc2 Qd3 37. Rd2 Qe4 38. Qg3 Rf8 39. Rf2 Qf5 40. Qxh3
Qxc5 41. Qe6+ Kg7 42. Kg3 h5 43. Qd7+ Rf7 44. Qd3 Re7 45. Kg2 Re3 46. Qd7+ Re7
47. Qd2 Qf5 48. Qd4+ Kh7 49. Qc3 Rd7 50. Qh3 Qe4+ 51. Qf3 Qe7 52. Re2 Qf6 53.
Rf2 Re7 54. Qd3 h4 55. Qh3 Rf7 56. Qg4 Kg7 57. Kh3 g5 58. f5 Kh6 59. Kg2 Re7 60.
Kh2 Re3 61. Qb4 Qe5+ 62. Kg2 h3+ 63. Kf1 Qa1+ 0-1

[Event "79th ch-ESP 2014"]
[Site "Linares ESP"]
[Date "2014.08.28"]
[Round "4.32"]
[White "Nicolas Zapata, Irene"]
[Black "Suarez Triguero, Jose Alfonso"]
[Result "0-1"]
[WhiteTitle "WIM"]
[WhiteElo "2284"]
[BlackElo "2084"]
[WhiteFideId "22247270"]
[BlackFideId "2231204"]
[EventDate "2014.08.25"]

1. d4 Nf6 2. Nf3 d6 3. g3 c6 4. Bg2 Nbd7 5. c4 e5 6. Nc3 Be7 7. O-O O-O 8. e4 a5
9. h3 Qc7 10. Be3 Rd8 11. Rc1 Ne8 12. a3 Ndf6 13. d5 Bd7 14. Ne1 c5 15. b3 a4
16. Nd3 axb3 17. Qxb3 Qa5 18. f4 Ba4 19. Nxa4 Qxa4 20. Qxa4 Rxa4 21. fxe5 Nd7
22. exd6 Bxd6 23. Rc3 Rda8 24. Bc1 Ne5 25. Nxe5 Bxe5 26. Rb3 Nd6 27. Bf4 f6 28.
Bxe5 fxe5 29. Rb6 R8a6 30. Rxa6 Rxa6 31. h4 Rxa3 32. Bh3 Ra8 33. Be6+ Kh8 34. g4
g6 35. h5 Kg7 36. Kg2 g5 37. Rb1 h6 38. Rb6 Ra6 39. Rb3 Kf6 40. Kf3 Ke7 41. Ke2
Ra4 42. Kd3 Ra1 43. Kc2 Ra4 44. Kd3 b5 45. Rb2 b4 46. Rb3 Ra1 47. Rb2 Rh1 48.
Ra2 Rh3+ 0-1

[Event "79th ch-ESP 2014"]
[Site "Linares ESP"]
[Date "2014.08.29"]
[Round "5.1"]
[White "Vallejo Pons, Francisco"]
[Black "Arribas Lopez, Angel"]
[Result "1-0"]
[WhiteTitle "GM"]
[BlackTitle "IM"]
[WhiteElo "2698"]
[BlackElo "2503"]
[WhiteFideId "2205530"]
[BlackFideId "2283352"]
[EventDate "2014.08.25"]

1. d4 e6 2. c4 d5 3. Nf3 dxc4 4. e3 Nf6 5. Bxc4 a6 6. O-O c5 7. Bb3 b5 8. a4 b4
9. Nbd2 Bb7 10. e4 cxd4 11. e5 Nfd7 12. Nc4 Nc6 13. Bg5 f6 14. exf6 gxf6 15. Re1
Nc5 16. Nfe5 Nxe5 17. Nxe5 Qe7 18. Nd3 Nxb3 19. Qxb3 Kf7 20. Nf4 Bc8 21. Qf3 Bg7
22. Rac1 Qa7 23. Bxf6 Bxf6 24. Nh5 Ke8 25. Qxf6 1-0

[Event "79th ch-ESP 2014"]
[Site "Linares ESP"]
[Date "2014.08.29"]
[Round "5.2"]
[White "Korneev, Oleg"]
[Black "Vazquez Igarza, Renier"]
[Result "1/2-1/2"]
[WhiteTitle "GM"]
[BlackTitle "GM"]
[WhiteElo "2590"]
[BlackElo "2603"]
[WhiteFideId "4156803"]
[BlackFideId "3503054"]
[EventDate "2014.08.25"]

1. e4 e5 2. Bc4 Nf6 3. d3 Nc6 4. Nf3 Bc5 5. O-O d6 6. c3 a6 7. Bb3 Ba7 8. Nbd2
O-O 9. h3 Be6 10. Re1 Re8 11. Nf1 h6 12. Be3 Bxe3 13. Nxe3 Bxb3 14. Qxb3 Rb8 15.
Rad1 Qd7 16. Qc2 Rbd8 17. a3 d5 18. b4 Qe6 19. exd5 Nxd5 20. Nxd5 Qxd5 21. d4
exd4 22. Rxe8+ Rxe8 23. Nxd4 Nxd4 24. Rxd4 Qe5 25. Qd2 Qe1+ 26. Qxe1 Rxe1+ 27.
Kh2 Kf8 28. Rd7 Re7 29. Rd8+ Re8 30. Rd7 Re7 31. Rd8+ 1/2-1/2

[Event "79th ch-ESP 2014"]
[Site "Linares ESP"]
[Date "2014.08.29"]
[Round "5.3"]
[White "Salgado Lopez, Ivan"]
[Black "Ibarra Jerez, Jose Carlos"]
[Result "1/2-1/2"]
[WhiteTitle "GM"]
[BlackTitle "GM"]
[WhiteElo "2620"]
[BlackElo "2521"]
[WhiteFideId "2257327"]
[BlackFideId "2226332"]
[EventDate "2014.08.25"]

1. e4 e5 2. Nf3 d6 3. d4 exd4 4. Nxd4 Nf6 5. Nc3 Be7 6. Bc4 O-O 7. O-O c6 8. Re1
b5 9. Bf1 b4 10. Nb1 c5 11. Nf5 Bxf5 12. exf5 d5 13. a3 c4 14. g4 h6 15. Bg2 Nc6
16. g5 hxg5 17. Bxg5 Qd7 18. axb4 Nxb4 19. Nc3 Qxf5 20. Bxf6 Bxf6 21. Nxd5 Rad8
22. Ra5 Nxd5 23. Rxd5 Rxd5 24. Qxd5 Qxc2 25. Be4 Qxb2 26. Bg6 Qb8 27. Qxc4 Qd8
28. Bc2 Qd4 29. Qxd4 Bxd4 30. Re7 Rb8 31. Rd7 Bc5 32. Be4 Rb4 33. Rd8+ Bf8 34.
Bd5 Rf4 1/2-1/2

[Event "79th ch-ESP 2014"]
[Site "Linares ESP"]
[Date "2014.08.29"]
[Round "5.4"]
[White "Del Rio De Angelis, Salvador G."]
[Black "Arizmendi Martinez, Julen Luis"]
[Result "1-0"]
[WhiteTitle "GM"]
[BlackTitle "GM"]
[WhiteElo "2529"]
[BlackElo "2544"]
[WhiteFideId "2203138"]
[BlackFideId "2205092"]
[EventDate "2014.08.25"]

1. d4 Nf6 2. c4 e6 3. Nc3 Bb4 4. e3 O-O 5. Bd3 d5 6. a3 Bxc3+ 7. bxc3 dxc4 8.
Bxc4 c5 9. Ne2 Qc7 10. Ba2 b6 11. O-O Ba6 12. Re1 Nc6 13. Ng3 Rad8 14. Bb2 e5
15. d5 Na5 16. e4 Bc4 17. Bc1 Ne8 18. Qg4 Nd6 19. f4 f5 20. exf5 e4 21. f6 Rxf6
22. f5 Re8 23. Bf4 Bxa2 24. Bxd6 Rxd6 25. Nxe4 Kf8 26. Nxd6 Rxe1+ 27. Rxe1 Qxd6
28. Qe2 1-0

[Event "79th ch-ESP 2014"]
[Site "Linares ESP"]
[Date "2014.08.29"]
[Round "5.5"]
[White "Perez Candelario, Manuel"]
[Black "Fernandez Garcia, Jose Miguel"]
[Result "1/2-1/2"]
[WhiteTitle "GM"]
[BlackTitle "FM"]
[WhiteElo "2575"]
[BlackElo "2353"]
[WhiteFideId "2210622"]
[BlackFideId "22200070"]
[EventDate "2014.08.25"]

1. e4 d5 2. exd5 Qxd5 3. Nc3 Qd6 4. d4 Nf6 5. Nf3 g6 6. Nb5 Qb6 7. c4 c6 8. Nc3
Bg7 9. Be2 O-O 10. O-O Bf5 11. Na4 Qc7 12. h3 Na6 13. Qb3 c5 14. Be3 Ne4 15.
Rfd1 Rfd8 16. Rac1 Rac8 17. dxc5 Naxc5 18. Nxc5 Nxc5 19. Qa3 b6 20. Nd4 Bd7 21.
Nb5 Bxb5 22. Rxd8+ Qxd8 23. cxb5 Rc7 24. Bf3 Ne6 25. Rxc7 Qxc7 26. Qb4 Nd4 27.
Bd1 Nf5 28. Bd2 Qd6 29. Bg4 Qxb4 30. Bxb4 Nd6 31. b3 Bd4 32. Bxd6 1/2-1/2

[Event "79th ch-ESP 2014"]
[Site "Linares ESP"]
[Date "2014.08.29"]
[Round "5.6"]
[White "Andres Gonzalez, Ivan"]
[Black "Santos Latasa, Jaime"]
[Result "1/2-1/2"]
[WhiteTitle "FM"]
[BlackTitle "FM"]
[WhiteElo "2354"]
[BlackElo "2487"]
[WhiteFideId "2217783"]
[BlackFideId "2293307"]
[EventDate "2014.08.25"]

1. e4 c5 2. Nc3 e6 3. Nf3 Nc6 4. Bb5 Nd4 5. O-O a6 6. Bd3 Ne7 7. Nxd4 cxd4 8.
Ne2 Nc6 9. c3 Bc5 10. b4 Bb6 11. cxd4 O-O 12. b5 axb5 13. Bb2 d5 14. exd5 Qxd5
15. Qc2 Qh5 16. Qb3 b4 17. a3 Bc7 18. Ng3 Bxg3 19. hxg3 bxa3 20. Rxa3 Rxa3 21.
Qxa3 Rd8 22. Be4 h6 23. Rc1 Bd7 24. Bf3 Qg5 25. Qe3 Be8 26. Qxg5 hxg5 27. Rc5 g4
28. Bxg4 Nxd4 29. Bxd4 Rxd4 30. Bf3 Kf8 31. Bxb7 1/2-1/2

[Event "79th ch-ESP 2014"]
[Site "Linares ESP"]
[Date "2014.08.29"]
[Round "5.7"]
[White "Sanchez Aller, Fernando"]
[Black "Rubio Mejia, Luis Ignacio"]
[Result "1/2-1/2"]
[WhiteTitle "FM"]
[BlackTitle "IM"]
[WhiteElo "2352"]
[BlackElo "2470"]
[WhiteFideId "2222892"]
[BlackFideId "2281228"]
[EventDate "2014.08.25"]

1. e4 c5 2. Nf3 e6 3. d4 cxd4 4. Nxd4 Nc6 5. Nc3 Qc7 6. g3 a6 7. Bg2 d6 8. Nxc6
bxc6 9. O-O Rb8 10. b3 Be7 11. Na4 Nf6 12. c4 O-O 13. Bb2 c5 14. f4 Bb7 15. Qe2
Bc6 16. e5 Nd7 17. exd6 Bxd6 18. Bxc6 Qxc6 19. Qf3 Qc7 20. Qg4 g6 21. Rad1 Nb6
22. Nxb6 Rxb6 23. Rd3 Be7 24. Rfd1 Rd8 25. Be5 Qc8 26. Rxd8+ Bxd8 27. Rd3 Be7
28. Qd1 Rb7 29. Qd2 f6 30. Bc3 Kf7 31. Ba5 Qc6 32. Qg2 Qxg2+ 33. Kxg2 Ke8 34.
Kf3 Rd7 35. Ke2 Rxd3 36. Kxd3 Kd7 37. a3 Kc6 38. Bc3 f5 39. b4 Kb6 40. Kc2 Kc6
41. Kb3 Bd8 42. Ka4 cxb4 43. axb4 Bb6 44. Be1 h6 45. b5+ axb5+ 46. cxb5+ Kd5 47.
Bc3 h5 48. Bf6 Kc4 1/2-1/2

[Event "79th ch-ESP 2014"]
[Site "Linares ESP"]
[Date "2014.08.29"]
[Round "5.8"]
[White "Larino Nieto, David"]
[Black "Aranaz Murillo, Amalia"]
[Result "1-0"]
[WhiteTitle "GM"]
[BlackTitle "WIM"]
[WhiteElo "2432"]
[BlackElo "2314"]
[WhiteFideId "2256444"]
[BlackFideId "22200371"]
[EventDate "2014.08.25"]

1. Nf3 Nf6 2. b3 g6 3. Bb2 Bg7 4. g3 O-O 5. Bg2 c5 6. c4 Nc6 7. O-O d6 8. d4
cxd4 9. Nxd4 Bd7 10. Nc2 a6 11. Nc3 Rb8 12. Rc1 Qa5 13. Ne3 Rfc8 14. c5 dxc5 15.
Na4 Nd4 16. Nc4 Qd8 17. Nxc5 Nxe2+ 18. Qxe2 Rxc5 19. Ba3 Rcc8 20. Bxe7 Bg4 21.
Qe3 Nd5 22. Bxd8 Nxe3 23. Nxe3 Be2 24. Rxc8 1-0

[Event "79th ch-ESP 2014"]
[Site "Linares ESP"]
[Date "2014.08.29"]
[Round "5.9"]
[White "Escudero Manzano, Alejandro"]
[Black "Suarez Garcia, Carlos"]
[Result "1/2-1/2"]
[BlackTitle "FM"]
[WhiteElo "2283"]
[BlackElo "2400"]
[WhiteFideId "2238004"]
[BlackFideId "22230858"]
[EventDate "2014.08.25"]

1. e4 d6 2. d4 Nf6 3. Nc3 g6 4. Bg5 Bg7 5. f4 c6 6. Nf3 b5 7. Bd3 O-O 8. O-O Bg4
9. h3 Bxf3 10. Qxf3 Qb6 11. Ne2 Nbd7 12. Kh1 Qb7 13. e5 dxe5 14. fxe5 Nd5 15.
Nf4 f6 16. Nxd5 cxd5 17. exf6 exf6 18. Bh4 Qc6 19. a4 bxa4 20. c4 Kh8 21. c5 f5
22. Bc4 Nf6 23. Bxf6 Qxf6 24. Bxd5 Rab8 25. Rxa4 Rxb2 26. Rd1 Rfb8 27. Rxa7 Rb1
28. Ra1 Rxa1 29. Rxa1 Qxd4 30. Rc1 Bh6 31. Qc3 Rb4 32. Bc4 Qxc3 33. Rxc3 Rb1+
34. Kh2 Rc1 35. Rxc1 Bxc1 36. Kg3 Ba3 37. c6 Bd6+ 38. Kf3 Kg7 39. Ke3 Kf6 40.
Kd4 g5 41. Kd5 Bc7 42. Be2 h6 43. Bf3 f4 44. Bg4 Ke7 45. Ke4 1/2-1/2

[Event "79th ch-ESP 2014"]
[Site "Linares ESP"]
[Date "2014.08.29"]
[Round "5.10"]
[White "Vega Gutierrez, Sabrina"]
[Black "Trigo Urquijo, Sergio"]
[Result "1-0"]
[WhiteTitle "IM"]
[WhiteElo "2395"]
[BlackElo "2274"]
[WhiteFideId "2219026"]
[BlackFideId "2262436"]
[EventDate "2014.08.25"]

1. e4 e5 2. Nf3 Nc6 3. Bc4 Bc5 4. O-O Nf6 5. d3 a6 6. c3 Ba7 7. Be3 O-O 8. Nbd2
d6 9. Bb3 h6 10. h3 Re8 11. Re1 Bxe3 12. fxe3 Be6 13. Bc2 Ne7 14. Nf1 Ng6 15.
Ng3 d5 16. d4 dxe4 17. Nxe5 Nxe5 18. dxe5 Qxd1 19. Raxd1 Nd7 20. Bxe4 Nxe5 21.
b3 Rab8 22. Rd4 g6 23. Ne2 Nd7 24. Nf4 Nf6 25. Bf3 Bf5 26. e4 c5 27. Nd5 Nxd5
28. Rxd5 Rbc8 29. Kf2 Be6 30. Rd6 a5 31. c4 a4 32. e5 Rc7 33. Rb6 axb3 34. axb3
Bc8 35. Bd5 Rce7 36. Rxg6+ Kh7 37. Rf6 Rxe5 38. Rxf7+ Kg6 39. Rxe5 Rxe5 40. Rc7
Be6 41. Rxc5 Bxd5 42. Rxd5 Re6 43. g4 b6 44. h4 Kf6 45. Kf3 Ke7 46. Kf4 Rf6+ 47.
Rf5 Rd6 48. Ke4 Rd1 49. Rb5 Rd6 50. g5 hxg5 51. hxg5 Kf7 52. Rd5 Rc6 53. Kf5 Kg8
54. Ke5 Kf7 55. Rd7+ Ke8 56. Rd6 1-0